Contracts, agency vulnerability, and the allocation of federal funds (Record no. 512439)
[ view plain ]
| 000 -LEADER | |
|---|---|
| fixed length control field | 00555nam a2200169 4500 |
| 008 - FIXED-LENGTH DATA ELEMENTS--GENERAL INFORMATION | |
| fixed length control field | 191122b ||||| |||| 00| 0 eng d |
| 100 ## - MAIN ENTRY--PERSONAL NAME | |
| Personal name | Kasdin, Stuart |
| 245 ## - TITLE STATEMENT | |
| Title | Contracts, agency vulnerability, and the allocation of federal funds |
| 260 ## - PUBLICATION, DISTRIBUTION, ETC. (IMPRINT) | |
| Name of publisher, distributor, etc | American Review of Public Administration |
| 300 ## - PHYSICAL DESCRIPTION | |
| Extent | 49(6), Aug, 2019: p.720-732. |
| 650 ## - SUBJECT ADDED ENTRY--TOPICAL TERM | |
| Topical term or geographic name as entry element | Contracts |
| 9 (RLIN) | 13702 |
| 650 ## - SUBJECT ADDED ENTRY--TOPICAL TERM | |
| Topical term or geographic name as entry element | Contracting |
| 9 (RLIN) | 13703 |
| 700 ## - ADDED ENTRY--PERSONAL NAME | |
| Personal name | Lin, Luona |
| 9 (RLIN) | 13704 |
| 773 ## - HOST ITEM ENTRY | |
| Main entry heading | American Review of Public Administration |
| 906 ## - LOCAL DATA ELEMENT F, LDF (RLIN) | |
| Subject DIP | Government purchase |
| 942 ## - ADDED ENTRY ELEMENTS (KOHA) | |
| Source of classification or shelving scheme | |
| Item type | Articles |
No items available.
